| 000 | 01293nam0a22002771 4500 | ||
|---|---|---|---|
| 001 | rc\3342630 | ||
| 005 | 20260407101313.0 | ||
| 021 |
_aRU _b[72-86673] |
||
| 035 | _a(NLR Aleph) 007517935 | ||
| 090 |
_a7716100 _c7716100 |
||
| 100 | _a20130115d1972 |||y0rusy50 ca | ||
| 101 | 0 | _arus | |
| 102 | _aRU | ||
| 105 | _ay z ||||| | ||
| 200 | 1 |
_aТоксикология и гигиена продуктов нефтехимии и нефтехимических производств _fII всесоюз. конф. _gМ-во здравоохранения РСФСР. Яросл. мед. ин-т. М-во нефтеперерабатывающей и нефтехим. пром-сти СССР. НИИМСК |
|
| 210 |
_aЯрославль _cБ. и. _d1972 |
||
| 215 |
_a252 с. _cграф. _d20 |
||
| 320 | _aСписки лит. в конце докл. | ||
| 606 |
_aНефтехимические производства _xГигиена труда _jСборники _2psbo |
||
| 606 |
_aНефтепродукты _xТоксичность _jСборники _2psbo |
||
| 712 | 0 | 2 |
_aЯрославский медицинский институт _3RU\NLR\AUTH\889928676 _9352927 |
| 801 | 0 |
_aRU _bNLR _gpsbo |
|
| 801 | 1 |
_aRU _bELAR _2rusmarc |
|
| 852 |
_aNLR _j72-3/10024 |
||
| 942 | _cBOOK | ||
| 980 | _aNB | ||